ბათუმის შოთა რუსთაველის სახელმწიფო უნივერსიტეტის ბიბლიოთეკა

ჩანაწერი Corporate Name

ჩანაწერთა რაოდენობა, რომელიც გამოყენებულია: 1

001 - CONTROL NUMBER

  • control field: 27329

003 - CONTROL NUMBER IDENTIFIER

  • control field: GE_BSU

005 - DATE AND TIME OF LATEST TRANSACTION

  • control field: 20260416124107.0

008 - FIXED-LENGTH DATA ELEMENTS

  • fixed length control field: 260416|| aca||aabn | a|a d

040 ## - CATALOGING SOURCE

  • Original cataloging agency: GE_BSU
  • Transcribing agency: GE_BSU

110 ## - HEADING--CORPORATE NAME

  • Corporate name or jurisdiction name as entry element: საქართველოს სსრ მეცნიერებათა აკადემია.
  • Subordinate unit: ეკონომიკისა და სამართლის ინსტიტუტი.

670 ## - SOURCE DATA FOUND

  • Source citation: Work cat.: (GE_BSU): ხოშტარია, თენგიზ 27328, მრეწველობის განვითარების საკითხები ამიერკავკასიის ეკონომიკურ რაიონში :